Memoriales y cartas del Conde Duque de Olivares / (Record no. 111361)

MARC details
000 -LEADER
campo de control de longitud fija 00774nam a2200205 4500
001 - NÚMERO DE CONTROL
campo de control 111361
003 - IDENTIFICADOR DE NÚMERO DE CONTROL
campo de control ES-MaACL
005 - FECHA Y HORA DE LA ÚLTIMA TRANSACCIÓN
campo de control 20251205130009.0
007 - CAMPO FIJO DE DESCRIPCIÓN FÍSICA--INFORMACIÓN GENERAL
campo de control de longitud fija t|
008 - DATOS DE LONGITUD FIJA--INFORMACIÓN GENERAL
campo de control de longitud fija 061121s1978 sp r ||||1| spa d
100 1# - ENTRADA PRINCIPAL--NOMBRE DE PERSONA
Nombre de persona Olivares, Gaspar de Guzmán,
Títulos y otros términos asociados al nombre Conde Duque de,
Fechas asociadas al nombre 1587-1645
9 (RLIN) 86766
245 10 - MENCIÓN DEL TÍTULO
Título Memoriales y cartas del Conde Duque de Olivares /
Mención de responsabilidad, etc. Conde Duque de Olivares ; [edición] John H. Elliott, José F. de la Peña.
260 ## - PUBLICACIÓN, DISTRIBUCIÓN, ETC.
Lugar de publicación, distribución, etc. Madrid :
Nombre del editor, distribuidor, etc. Alfaguara,
Fecha de publicación, distribución, etc. 1978.
300 ## - DESCRIPCIÓN FÍSICA
Extensión 2 v. ;
Dimensiones 23 cm.
505 8# - NOTA DE CONTENIDO CON FORMATO
Nota de contenido con formato Contiene: Tomo I Política interior. Tomo II Politica interior.
700 1# - ENTRADA AGREGADA--NOMBRE PERSONAL
Nombre de persona Elliott, J. H.,
Fechas asociadas al nombre 1930-
9 (RLIN) 47042
700 1# - ENTRADA AGREGADA--NOMBRE PERSONAL
Nombre de persona Peña, José Francisco de la,
Fechas asociadas al nombre 1945-1995
9 (RLIN) 90228
852 ## - LOCALIZACIÓN
Ubicación ES-MaACL
Número de control de estantería L-572-3
Sublocalización o colección R.98688
Holdings
Estatus retirado Estado de pérdida Estado de daño No para préstamo Biblioteca de origen Biblioteca actual Ubicación en estantería Fecha de adquisición Fuente de adquisición Total de préstamos Signatura topográfica completa Código de barras Visto por última vez Precio de reemplazo Tipo de ítem Koha
        Biblioteca del Ateneo de Madrid Biblioteca del Ateneo de Madrid Depósito 2 17/01/2008     L-572-3 1116180 23/02/2023 23/02/2023 Libro impreso